[Event "Gibraltar Masters 18th"]
[Site "Caleta"]
[Date "2020.01.22"]
[Round "2"]
[White "Injac, Teodora"]
[Black "Skou, Niels"]
[Result "1-0"]
[WhiteElo "2284"]
[BlackElo "2036"]
[PlyCount "71"]
[EventDate "2020.01.21"]
[EventType "swiss"]
[EventRounds "10"]
[EventCountry "GGB"]
[SourceTitle "CBM 194 Extra"]
[Source "ChessBase"]
[SourceDate "2020.03.31"]
[SourceVersion "1"]
[SourceVersionDate "2020.03.31"]
[SourceQuality "1"]

1. d4 d5 2. c4 e6 3. Nc3 Nf6 4. cxd5 exd5 5. Bg5 c6 6. e3 Nbd7 7. Bd3 Be7 8. h3 h6 9. Bf4 Nb6 10. Nf3 Be6 11. 0-0 0-0 12. Ne5 Nfd7 13. Qh5 Nf6 14. Qe2 Nfd7 15. Rad1 Nxe5 16. Bxe5 Bf6 17. f4 Bxe5 18. dxe5 f5 19. exf6 Qxf6 20. e4 dxe4 21. Nxe4 Qh4 22. Nd6 Rf6 23. Qe4 g6 24. f5 Qxe4 25. Nxe4 Rxf5 26. Nf6+ Kg7 27. Bxf5 Bxf5 28. Nh5+ Kh7 29. Ng3 Be6 30. b3 Nd5 31. Rde1 Re8 32. Ne4 Kg7 33. Nc5 Nc7 34. Nxb7 Rf8 35. Nc5 Re8 36. Nxe6+ 1-0

[Event "Gibraltar Masters 15th"]
[Site "Caleta"]
[Date "2017.01.29"]
[Round "6"]
[White "Skou, Niels"]
[Black "Bellon Lopez, Juan Manuel"]
[Result "0-1"]
[WhiteElo "2025"]
[BlackElo "2339"]
[PlyCount "46"]
[EventDate "2017.01.24"]
[EventType "swiss"]
[EventRounds "10"]
[EventCountry "GGB"]
[SourceTitle "CBM 177"]
[Source "ChessBase"]
[SourceDate "2017.03.16"]
[SourceVersion "1"]
[SourceVersionDate "2017.03.16"]
[SourceQuality "1"]

1. d4 d5 2. c4 c6 3. cxd5 cxd5 4. Nf3 Nc6 5. Bf4 a6 6. Nc3 Nf6 7. e3 Bg4 8. Qb3 Bxf3 9. gxf3 Ra7 10. Bd3 e6 11. Rg1 Nh5 12. Bg3 Be7 13. Rc1 0-0 14. Qc2 g6 15. a3 f5 16. Ne2 Bd6 17. Bxd6 Qxd6 18. f4 Raa8 19. Nc3 Nxf4 20. Bf1 Nh5 21. Qd1 Qxh2 22. Rg2 Qh4 23. Be2 f4 0-1

[Event "Helsingor Xtracon op"]
[Site "Helsingor"]
[Date "2016.07.31"]
[Round "10"]
[White "Walton, Alan J"]
[Black "Skou, Niels"]
[Result "1-0"]
[WhiteElo "2201"]
[BlackElo "2011"]
[PlyCount "83"]
[EventDate "2016.07.23"]
[EventType "swiss"]
[EventRounds "10"]
[EventCountry "DEN"]
[SourceTitle "CBM 173 Extra"]
[Source "ChessBase"]
[SourceDate "2016.08.29"]
[SourceVersion "1"]
[SourceVersionDate "2016.08.29"]
[SourceQuality "1"]

1. d4 d5 2. c4 e6 3. Nc3 Bb4 4. a3 Bxc3+ 5. bxc3 Nf6 6. Bg5 h6 7. Bh4 0-0 8. e3 b6 9. Bd3 Bb7 10. f3 Nbd7 11. Ne2 c5 12. 0-0 Qc7 13. cxd5 exd5 14. a4 Rfe8 15. Qd2 Qd6 16. Bf2 Nf8 17. Ng3 Ng6 18. a5 Qc7 19. axb6 axb6 20. Rxa8 Bxa8 21. Rb1 Bc6 22. Qb2 Nd7 23. Qc2 Qd6 24. Bf5 Ngf8 25. e4 Ne6 26. exd5 Bxd5 27. c4 Bb7 28. d5 Nef8 29. Be4 g6 30. Qd2 Kg7 31. Be3 h5 32. Bh6+ Kg8 33. Bxf8 Qxf8 34. Qf4 f5 35. Bxf5 gxf5 36. Nxh5 Kh7 37. Qc7 Bc8 38. Rxb6 Re7 39. Re6 Rf7 40. Qf4 Kh8 41. Qe3 Kh7 42. Re8 1-0

[Event "Helsingor Xtracon op"]
[Site "Helsingor"]
[Date "2016.07.30"]
[Round "9"]
[White "Skou, Niels"]
[Black "Pedersen, Nicolai Kvist Brond"]
[Result "1-0"]
[WhiteElo "2011"]
[BlackElo "2231"]
[PlyCount "77"]
[EventDate "2016.07.23"]
[EventType "swiss"]
[EventRounds "10"]
[EventCountry "DEN"]
[SourceTitle "CBM 173 Extra"]
[Source "ChessBase"]
[SourceDate "2016.08.29"]
[SourceVersion "1"]
[SourceVersionDate "2016.08.29"]
[SourceQuality "1"]

1. d4 Nf6 2. c4 c5 3. d5 b5 4. cxb5 a6 5. bxa6 g6 6. Nc3 Bg7 7. e4 0-0 8. Nf3 Qa5 9. Bd2 Bxa6 10. Be2 Qb4 11. Qc2 Bxe2 12. Kxe2 Na6 13. Rhc1 Rfb8 14. b3 Qb7 15. Kf1 d6 16. Be1 Nd7 17. Qe2 Ne5 18. Nxe5 Bxe5 19. Rab1 Nc7 20. Rc2 Ra3 21. Bd2 Nb5 22. Nxb5 Qxb5 23. Qxb5 Rxb5 24. Re1 Rb7 25. Re2 f5 26. exf5 gxf5 27. Bc1 Ra8 28. Rc4 Kf7 29. h3 Rba7 30. Rcc2 h5 31. g3 Rb7 32. Be3 Rb4 33. Bxc5 Rb7 34. Be3 Rd7 35. Bg5 Raa7 36. Be3 Rab7 37. Red2 Bf6 38. Ke2 Ke8 39. Bd4 1-0

[Event "EU-ch Seniors 50 16th"]
[Site "Yerevan"]
[Date "2016.06.07"]
[Round "3"]
[White "Skou, Niels"]
[Black "Movsziszian, Karen"]
[Result "0-1"]
[WhiteElo "2012"]
[BlackElo "2488"]
[PlyCount "49"]
[EventDate "2016.06.05"]
[EventType "swiss"]
[EventRounds "9"]
[EventCountry "ARM"]
[SourceTitle "CBM 172 Extra"]
[Source "ChessBase"]
[SourceDate "2016.06.21"]
[SourceVersion "1"]
[SourceVersionDate "2016.06.21"]
[SourceQuality "1"]

1. e4 g6 2. d4 Bg7 3. Nf3 d6 4. Be3 c6 5. a4 Nd7 6. Be2 e5 7. 0-0 Ngf6 8. Nc3 Ng4 9. Bg5 f6 10. Bh4 0-0 11. h3 Nh6 12. Qd2 Qe7 13. Rfe1 Nf7 14. b4 Bh6 15. Qd3 exd4 16. Qxd4 Nde5 17. b5 Bf4 18. Rab1 Ng5 19. Nxe5 Qxe5 20. Bc4+ Kg7 21. Rbd1 Rd8 22. Qd3 Ne6 23. Ne2 Bh6 24. Rf1 Nc5 25. Qc3 0-1

[Event "Bangkok op 16th"]
[Site "Bangkok"]
[Date "2016.04.10"]
[Round "1"]
[White "Ganguly, Surya Shekhar"]
[Black "Skou, Niels"]
[Result "1-0"]
[WhiteElo "2647"]
[BlackElo "2023"]
[PlyCount "85"]
[EventDate "2016.04.10"]
[EventType "swiss"]
[EventRounds "9"]
[EventCountry "THA"]
[SourceTitle "CBM 171 Extra"]
[Source "ChessBase"]
[SourceDate "2016.04.26"]
[SourceVersion "1"]
[SourceVersionDate "2016.04.26"]
[SourceQuality "1"]

1. e4 e5 2. Nf3 Nc6 3. Bb5 a6 4. Ba4 Nf6 5. 0-0 Be7 6. Re1 b5 7. Bb3 d6 8. c3 0-0 9. d4 Bg4 10. Be3 Na5 11. dxe5 Bxf3 12. Qxf3 dxe5 13. Bc2 Qd7 14. h3 Nc4 15. Bc1 c5 16. b3 Nb6 17. Nd2 Qe6 18. Nf1 Rfe8 19. Ne3 a5 20. Qe2 c4 21. bxc4 bxc4 22. Rb1 Qc6 23. Nf5 Bc5 24. Bg5 Re6 25. Red1 g6 26. Ng3 Kg7 27. Be3 Ree8 28. a4 Nfd7 29. Rb5 Ra6 30. Nf1 Rc8 31. Bg5 h6 32. Bc1 Be7 33. Ne3 h5 34. Nd5 Bc5 35. Qd2 Rh8 36. Qg5 f6 37. Qg3 Raa8 38. Be3 Ra6 39. Bxc5 Nxc5 40. Ne7 Qe8 41. Nf5+ Kh7 42. Rxc5 gxf5 43. Rc7+ 1-0

[Event "Politiken Cup 36th"]
[Site "Helsingor"]
[Date "2014.07.27"]
[Round "8"]
[White "Skou, Niels"]
[Black "Smirnov, Anton"]
[Result "0-1"]
[WhiteElo "2141"]
[BlackElo "2334"]
[PlyCount "50"]
[EventDate "2014.07.21"]
[EventType "swiss"]
[EventRounds "10"]
[EventCountry "DEN"]
[SourceTitle "CBM 161 Extra"]
[Source "ChessBase"]
[SourceDate "2014.08.29"]
[SourceVersion "1"]
[SourceVersionDate "2014.08.29"]
[SourceQuality "1"]

1. d4 d5 2. Nf3 Nf6 3. c4 c6 4. e3 Bg4 5. Qb3 Qb6 6. Nc3 e6 7. Ne5 Bf5 8. Be2 Nbd7 9. Nxd7 Nxd7 10. Bd2 Be7 11. 0-0 0-0 12. Qxb6 axb6 13. f3 Bg6 14. Rfd1 Rfd8 15. Kf2 dxc4 16. Bxc4 e5 17. d5 b5 18. Bb3 Nc5 19. e4 b4 20. Ne2 Nxb3 21. axb3 cxd5 22. exd5 Rxa1 23. Rxa1 f6 24. Ra5 b6 25. Rb5 Bd3 0-1